"La Odisea" de Homero: Apuntes Autodidácticos Para Estudiantes /

Estos "Apuntes Autodidácticos" presentan una síntesis y un estudio literario de la obra "La Odisea" de Homero. Se pretende que sean un apoyo complementario para el estudiante de literatura. Contenido: Contexto Histórico-Social de la Grecia Primitiva; Vida Social de los Griegos en la Epoca de Homero;...

Deskribapen osoa

Gorde:
Xehetasun bibliografikoak
Egile nagusia: Andrade Echauri, Roberto (autor)
Formatua: Liburua
Hizkuntza:gaztelania
Argitaratua: México : Fernández Editores, 1984
Saila:(Apuntes Autodidácticos para Estudiantes. Literatura Universal)
Gaiak:
Etiketak: Etiketa erantsi
Etiketarik gabe, Izan zaitez lehena erregistro honi etiketa jartzen!

MARC

LEADER 00000nam^a2200000^a^4500
001 000022276
005 20250521000000.0
009 20260310084449.876
020 |a 968-416-551-x 
037 |a Acervo ITESO - Biblioteca 
041 |a ESP 
082 |a 883.  |b AND 
100 |a Andrade Echauri, Roberto  |e (autor) 
245 1 4 |a "La Odisea" de Homero: Apuntes Autodidácticos Para Estudiantes /  |c R. Andrade Echauri. 
264 1 |a México :  |b Fernández Editores,  |c 1984 
300 |a 69 p. 
336 |a texto  |b txt  |2 rdacontenido 
337 |a sin mediación  |b n  |2 rdamedio 
338 |a volumen  |b nc  |2 rdasoporte 
440 1 |a (Apuntes Autodidácticos para Estudiantes.  |p Literatura Universal) 
520 |a Estos "Apuntes Autodidácticos" presentan una síntesis y un estudio literario de la obra "La Odisea" de Homero. Se pretende que sean un apoyo complementario para el estudiante de literatura. Contenido: Contexto Histórico-Social de la Grecia Primitiva; Vida Social de los Griegos en la Epoca de Homero; Semblanza de Homero; Apreciaciones Generales de la Obra Homérica; Análisis Histórico de los Poemas Homéricos; Presentación General de la Odisea; Comentarios Críticos; Síntesis; Glosario. 
649 |a XX 
650 |a Literatura Clásica 
650 |a Literatura Griega -  |x Historia y Crítica 
650 |a Poesía Epica Griega -  |x Historia y Crítica 
910 |a Fondo General 
920 |a Impresos - Libros 
930 |a Colección General 
940 |a Literatura 
905 |a 101 
901 |a 0222760100  |b IT1  |c LIT  |i 022276  |u 20250521 
902 |a https://opac.biblio.iteso.mx/vufind/Record/000022276